| 000 | 00667nam a2200253Ia 4500 | ||
|---|---|---|---|
| 003 | OSt | ||
| 005 | 20250712152628.0 | ||
| 008 | 210423s2003 xx 000 0 und d | ||
| 020 | _a812290159 | ||
| 040 | _cAL | ||
| 041 | _aEnglish | ||
| 082 |
_a070.4 _bROLC |
||
| 100 |
_aTom E Rolnicki _979085 |
||
| 245 | _aScholastic journalism | ||
| 260 |
_aNew Delhi _bSurjeeth Publications _c2003 |
||
| 300 |
_axiii,433p. _bPB _c27.5x21cm. |
||
| 365 |
_b295 _cINR |
||
| 650 |
_aJournalism _979086 |
||
| 650 |
_aJournalism & Media _979087 |
||
| 700 |
_aTate, C Dow _9218506 |
||
| 700 |
_aTaylor, Sherri _9218507 |
||
| 906 | _ajournalism ; Scholastic | ||
| 942 |
_2ddc _cBK |
||
| 999 |
_c156246 _d156246 |
||